Epistemology, 1988
Αποθηκεύτηκε σε:
| Άλλοι συγγραφείς: | |
|---|---|
| Μορφή: | Βιβλίο |
| Γλώσσα: | English |
| Δημοσίευση: |
Atascadero, California :
Ridgeview,
1988
|
| Σειρά: | Philosophical perspectives ;
; 2 |
| Θέματα: | |
| Ετικέτες: |
Προσθήκη ετικέτας
Δεν υπάρχουν, Καταχωρήστε ετικέτα πρώτοι!
|
MARC
| LEADER | 00000nam a2200000 i 4500 | ||
|---|---|---|---|
| 001 | 1/67769 | ||
| 008 | 041209s1988 eng d | ||
| 020 | |a 0-917930-87-8 | ||
| 035 | |l 10075650 | ||
| 040 | |a GR-MY-UA |b gre |e aacr | ||
| 041 | 0 | |a eng | |
| 082 | 0 | |a 121 |2 (21) | |
| 245 | 1 | 0 | |a Epistemology, 1988 / |c edited by James E. Tomberlin |
| 260 | |a Atascadero, California : |b Ridgeview, |c 1988 | ||
| 300 | |a [vii], 473p.; |b fig.; |c 22 cm | ||
| 490 | 1 | |a Philosphical perspectives |v ; 2 | |
| 504 | |a Includes bibliographical references | ||
| 650 | 0 | 0 | |a Knowledge, Theory of. |
| 650 | 0 | 0 | |a Philosophy. |
| 650 | 0 | 0 | |a Science |x Philosophy. |
| 650 | 0 | 0 | |a Science |x Methodology. |
| 700 | 0 | |a Tomberlin, James E. |d 1942- |4 edt | |
| 830 | 0 | |a Philosophical perspectives ; |v ; 2 | |
| 852 | |a INST |b RHODES |e 20041209 |h 121 EPI |p 005400017944 |q 005400017944 |t BK |y 0 | ||
| 901 | |a BIBL4-2004-3 | ||
| 909 | |a Ρ |b 116657 | ||
| 922 | |a 4ΕΛΗ |b 200411 |c ΕΠΕΑΕΚ2/ΤΕΠΑΕΣ |d ΜΙΧΑΛΟΠΟΥΛΟΣ | ||
| 950 | |a 096-2004-06-17 | ||
| 970 | |a ΧΟΡΟΖΙΔΟΥ |b ΤΖΕΝΗ |z 2005/01/12 | ||